000 00538nam a2200205Ia 4500
008 160901s9999 xx 000 0 und d
020 _a981-243-378-3
050 _aComSc QA 76.73
050 _b.C153N36 2001
100 _aNance, Kenneth A.
245 _aFundamentals of C++ /
245 _cKenneth A. Lambert, Douglas W. Nance.
260 _aSingapore :
260 _bThomson Learning Asia,
260 _c2001
300 _a670 pages :
300 _bill. ;
300 _c25 cm.
650 _aC++ (Computer program language).
999 _c300965
_d300965